| 000 | 00714nam a2200229 a 4500 | ||
|---|---|---|---|
| 999 |
_c2368 _d2368 |
||
| 001 | 2368 | ||
| 003 | BD-JhCC | ||
| 005 | 20210504134021.0 | ||
| 008 | 171101s2001 bg a|||| ||a| 000 0 ben d | ||
| 020 | _a8176127663 | ||
| 035 | _a(BD-JhCC)2368 | ||
| 040 |
_aBD-JhCC _dBD-JhCC |
||
| 041 | _aben | ||
| 082 |
_a954.92 _bMIT 2001 |
||
| 100 | _aমিত্র, সতীশচন্দ্র | ||
| 245 |
_aযশোহর-খুলনার ইতিহাস / _cসতীশচন্দ্র মিত্র, |
||
| 260 |
_aকলিকাতা : _bদে'জ পাবলিশিং, _c2001 |
||
| 300 |
_a504 p. : _c22 cm. |
||
| 650 |
_aJessore - Khulna _zBangladesh |
||
| 942 |
_2ddc _cBK _02 |
||